000 00856nam a22001697a 4500
003 OSt
005 20251127090813.0
008 251127b |||||||| |||| 00| 0 eng d
040 _cDCL
082 _a၂၉၄.၃၈၂၃၁၁
130 _aတိပိဋက။
_pသုတ္တန္တပိဋက။
_pဒီဃနိကာယ။
_tသီလက္ခန္ဓာဝဂ္ဂ၊
_lအဋ္ဌကထာ။
245 _aသီလက္ခန္ဓဝဂ္ဂအဋ္ဌကထာ။
264 _aရန်ကုန် ၊
_bနိုင်ငံတော်ဗုဒ္ဓသာသနာအဖွဲ့၊
_c၂၀၀၅။
300 _aဍ၊ ၄၂၁ စာမျက်နှာ ၊
_c၂၅ စင်တီ။
650 _aသီလက္ခန္ဓာဝဂ္ဂ
_vအဋ္ဌကထာ။
942 _2ddc
_cSHORT TERM
_n0
999 _c2641
_d2641